000 00434nam a2200181Ia 4500
001 652
005 20260306140533.0
008 260306t2005||||xx |||||||||||||| ||spa||
041 _aESP
082 _a128.1
_bF11
100 _aFabro, Cornelio
_eAUT
245 0 _aL´anima :
_bIntroduzione al problema dell' uomo
260 _c2005
300 _a253 páginas :
_c24 cm.
650 _aGEN
654 _aCHU
942 _cLIB
_dJUS
_fJUS
_2ddc
_n
999 _c652
_d652